00357nam a2200109Ia 4500008004100000041000800041100001600049245003700065260002900102999001900131952009700150231212s1993 xx 000 0 und d aeng aGulati R.R. aMonochrome And Colour Television aNew DelhibTata Mcc1993 c963170d963170 00104070aITMbITMd2023-12-13g150.00l0pITM-P-6022r2023-12-13 00:00:00w2023-12-13yBK